Annette Bening Filmography - Statistics

General Stats
  • This quiz has been taken 39 times
    6 since last reset
  • The average score is 25 of 89
Answer Stats
Type Year Name % Correct
TV Show 2006 Saturday Night Live
80%
Film 1999 American Beauty
60%
Film 2019 Captain Marvel
60%
Film 1994 Love Affair
60%
Film 2023 Nyad
60%
Film 1995 The American President
60%
Film 2010 The Kids Are All Right
60%
Film 2016 20th Century Women
40%
Theater 2019 All My Sons
40%
TV Mini-Series 2024 Apples Never Fall
40%
Film 2004 Being Julia
40%
Film 1991 Bugsy
40%
Theater 1986-1987, 2020 Coastal Disturbances
40%
Film 2015 Danny Collins
40%
Film 2022 Death on the Nile
40%
Film 2017 Film Stars Don't Die in Liverpool
40%
Film 2019 Georgetown
40%
Film 2012 Ginger & Rosa
40%
Film 2012 Girl Most Likely
40%
Film 1991 Guilty by Suspicion
40%
Theater 1999 Hedda Gabler
40%
Film 2019 Hope Gap
40%
Film 1999 In Dreams
40%
Film 2022 Jerry and Marge Go Large
40%
Theater 2014 King Lear
40%
TV Show 2002-2003 Liberty's Kids
40%
Film 2018 Life Itself
40%
Web Series TBA Lucky
40%
TV Film 1986 Manhunt for Claude Dallas
40%
Film 1996 Mars Attacks!
40%
TV Show 1987 Miami Vice
40%
Film 2009 Mother and Child
40%
TV Film 2005 Mrs. Harris
40%
Film 2003 Open Range
40%
TV Film TBA Other Plans
40%
Film 2023 Poolman
40%
Film 1990 Postcards from the Edge
40%
Film 1991 Regarding Henry
40%
Film 1995 Richard III
40%
Film 2012 Ruby Sparks
40%
Film 2016 Rules Don't Apply
40%
Film 2006 Running with Scissors
40%
Theater 2014 Ruth Draper's Monologues
40%
Theater 1988 Spoils of War
40%
Film 2026 The Bride
40%
Film 2013 The Face of Love
40%
Film 1988 The Great Outdoors
40%
Film 1990 The Grifters
40%
Film 2019 The Report
40%
Film 2018 The Seagull
40%
Film 2014 The Search
40%
Film 1998 The Siege
40%
TV Show 2004 The Sopranos
40%
Film 2008 The Women
40%
Film 1989 Valmont
40%
Film 2000 What Planet Are You From?
40%
TV Show 1987 Wiseguy
40%
Documentary 2024 Behind the Lines
20%
TV Film 1988 Hostage
20%
Documentary Series 2023 MPower
20%
Documentary 2007 14 Women
0%
Documentary Series 2005 60 Minutes II
0%
Theater 2025 A Chorus Line Official 50th Anniversary Celebration
0%
Theater 1996 A Galaxy on Geary
0%
Theater 1982 All's Well That Ends Well
0%
TV Special 2021 A Night in the Academy Museum
0%
Documentary 2019 A Towering Task: The Story of the Peace Corps
0%
Documentary Series 2003 Biography
0%
Documentary 1999 Forever Hollywood
0%
TV Documentary 2018 Funny Women: Julie Walters
0%
Theater 2009 Medea
0%
Documentary 2009 Milos Forman: Co te nezabije...
0%
Documentary 2009 PoliWood
0%
TV Special 2004 Premio Donostia a Annette Bening
0%
TV Show 1993 Sesame Street
0%
Film 1995 Sesame Street: Cookie Monster's Best Bites
0%
Theater 1992 Starry, Starry Night
0%
Web Series 2012 Storyline Online
0%
Theater 2002 Talking Heads
0%
Theater 2006 The Cherry Orchard
0%
Theater 2010 The Female of the Species
0%
TV Special 2001, 2004 The Kennedy Center Honors: A Celebration of the Performing Arts
0%
Web Special 2020 The Rosie O'Donnell Show: A Benefit for the Actors Fund
0%
Theater 1982 The Winter's Tale
0%
Theater 1977 Timon of Athens
0%
TV Special 2005 Tsunami Aid: A Concert of Hope
0%
TV Show 1996 Very Important Pennis
0%
Documentary 2006 Who Needs Sleep?
0%
Documentary 2011 Yogawoman
0%
No matching quizzes found
Score Distribution
Percent of People with Each Score
Percentile by Number Answered
Your Score History
You have not taken this quiz since the last reset